| 000 | 00322nam a2200121Ia 4500 | ||
|---|---|---|---|
| 008 | 190216s9999||||xx |||||||||||||| ||und|| | ||
| 100 | _aHemant Kulshrestha &
 Ajay Taneja | ||
| 245 | 0 | _aCsir-Ugc Net/Jrf/Slet Chemical Sciences | |
| 260 | _bUpkar Prakashan | ||
| 300 | _a918 | ||
| 650 | _aReferences | ||
| 942 | _cREF | ||
| 999 |
_c37001 _d37001 |
||